[Event "HUN-chT9899"]
[Site "HUN"]
[Date "1998.??.??"]
[Round "?"]
[White "Gonzalez Garcia, Jose"]
[Black "Horvath, Adam"]
[Result "1-0"]
[WhiteElo "2445"]
[BlackElo "2455"]

1.d4 Nf6 2.c4 g6 3.Nc3 Bg7 4.e4 d6 5.Be2 O-O 6.Nf3 e5 7.O-O exd4 8.Nxd4 Re8
9.f3 Nc6 10.Be3 Nh5 11.Qd2 f5 12.Rfd1 Qh4 13.Bf1 fxe4 14.Nxe4 Be5 15.g3 Qe7
16.Nxc6 bxc6 17.Bd4 Rb8 18.Re1 Qg7 19.Bxe5 Rxe5 20.Nxd6 Rxe1 21.Rxe1 Bd7
22.Ne4 Rxb2 23.Nf6+ Qxf6 24.Qxd7 Ng7 25.Qc8+ Qf8 26.Qxc7 Qxf3 27.Qxa7 h5
28.a4 h4 29.Qe3 Qf6 30.Bg2 Nf5 31.Qf4 hxg3 32.hxg3 Kg7 33.g4 Rxg2+ 34.Kxg2 Nh4+
35.Kg3 Qxf4+ 36.Kxf4 Ng2+ 37.Ke5 Nxe1 38.a5 Nd3+ 39.Kd6 Nb4 40.Kc5 Na6+ 41.Kb6 Nb4
42.a6 Nxa6 43.Kxa6 Kf6 44.Kb6 Kg5 45.Kxc6 Kxg4 46.Kd5 Kf5 47.c5 g5 48.c6  1-0

[Event "HUN-chT9899"]
[Site "HUN"]
[Date "1998.??.??"]
[Round "?"]
[White "Dudas, Janos"]
[Black "Gonzalez Garcia, Jose"]
[Result "0-1"]
[WhiteElo "2340"]
[BlackElo "2445"]

1.d4 Nf6 2.Nf3 g6 3.c4 Bg7 4.Nc3 d6 5.e4 O-O 6.Be2 Na6 7.O-O e5 8.Re1 c6
9.Rb1 exd4 10.Nxd4 Re8 11.Bf3 Nc5 12.Bf4 a5 13.Nb3 Ne6 14.Bxd6 a4 15.Nc5 Nxc5
16.Bxc5 Nd7 17.Be3 a3 18.Qc2 axb2 19.Rxb2 Qe7 20.Qb1 Ra3 21.Rb3 Ra5 22.Bd2 Ra8
23.Ne2 Ne5 24.Ng3 Be6 25.Rc3 b5 26.cxb5 Rxa2 27.Qc1 cxb5 28.Bg5 Qa7 29.Be3 Nxf3+
30.gxf3 Qa5 31.e5 Bxe5 32.Ne4 Ra8 33.Bd2 Ra1 34.Qc2 Bxc3 35.Bxc3 Rxe1+ 36.Kg2 Rc8
37.Qd2 Rxc3 38.Nf6+ Kg7 39.Qd4 Bh3+  0-1

[Event "HUN-chT9899"]
[Site "HUN"]
[Date "1998.??.??"]
[Round "?"]
[White "Dudas, Janos"]
[Black "Videki, Sandor"]
[Result "1/2-1/2"]
[WhiteElo "2340"]
[BlackElo "2420"]

1.d4 Nf6 2.c4 g6 3.Nc3 Bg7 4.e4 d6 5.Be2 O-O 6.Nf3 Na6 7.O-O e5 8.Re1 c6
9.Rb1 exd4 10.Nxd4 Re8 11.Bf3 Nc5 12.Bf4 Ne6 13.Be3 Nxd4 14.Bxd4 Be6 15.b3 Re7
16.Qd2 Rd7 17.Rbd1 Qf8 18.Qf4 Ne8 19.Ne2 c5 20.Bxg7 Qxg7 21.g3 a6 22.Qe3 Rb8
23.Nf4 Nc7 24.e5 Qxe5 25.Qxe5 dxe5 26.Rxd7 Bxd7 27.Rxe5 b6 28.Re7 Rd8 29.Nd5 Kf8
30.Re3 Nxd5 31.Bxd5 Re8 32.Rf3 Bf5 33.g4 Be6 34.Rf6 Ke7 35.g5 Rd8 36.Bxe6 fxe6
37.Kg2 Rd2 38.a4 Rd4 39.Rf3 Rg4+ 40.Rg3 Rh4 41.Rd3 Rg4+  1/2-1/2

[Event "HUN-chT9899"]
[Site "HUN"]
[Date "1998.??.??"]
[Round "?"]
[White "Kecskes, Gabor"]
[Black "Toth, Andras"]
[Result "1/2-1/2"]
[WhiteElo "2150"]
[BlackElo "2330"]

1.d4 Nf6 2.c4 g6 3.Nc3 Bg7 4.e4 d6 5.Be2 O-O 6.Nf3 e5 7.Be3 Ng4 8.Bg5 f6
9.Bh4 g5 10.Bg3 Nh6 11.c5 g4 12.Nh4 dxc5 13.dxc5 c6 14.Bc4+ Kh8 15.O-O Qe7
16.b4 a5 17.a3 b5 18.cxb6 axb4 19.Na4 bxa3 20.Qb3 Nd7 21.f3 gxf3 22.Rxf3 Bb7
23.Bf2 Rfd8 24.Be3 Qd6 25.Rh3 Ra5 26.Bxh6 Qd4+ 27.Be3 Qxa1+ 28.Kf2 Nf8 29.Bg8 Rad5
30.exd5 cxd5 31.Bf7 a2 32.Ng6+ Nxg6 33.Bxg6 f5 34.Bxh7 f4 35.Bc5 Ba6 36.Bb1+ Kg8
37.Qxa2 e4 38.Qxa1 Bxa1 39.Be7 Rc8 40.Bd6 Bd4+ 41.Ke1 Rc1+ 42.Kd2 Rxb1 43.Bxf4 Rb4  1/2-1/2

[Event "HUN-chT9899"]
[Site "HUN"]
[Date "1998.??.??"]
[Round "?"]
[White "Berta, Krisztian"]
[Black "Kiss, Gedeon"]
[Result "0-1"]
[WhiteElo "2195"]
[BlackElo "2235"]

1.d4 Nf6 2.c4 g6 3.Nc3 Bg7 4.e4 d6 5.Nf3 O-O 6.Be2 e5 7.d5 a5 8.Bg5 h6 9.Bh4 Na6
10.Nd2 Bd7 11.a3 Qe8 12.b3 Nh7 13.O-O h5 14.f3 Bf6 15.Bf2 Bg5 16.Rb1 Qe7
17.Kh1 Kg7 18.Qc2 h4 19.b4 axb4 20.axb4 Nf6 21.Rfe1 Nh5 22.Nf1 Rh8 23.c5 Bf4
24.c6 Bc8 25.cxb7 Bxb7 26.b5 Nc5 27.Bxc5 dxc5 28.Na4 Qg5 29.Bc4 Ng3+ 30.Kg1 Rh5
31.Nxc5 Nxf1 32.Kxf1 Bc8 33.Nd3 Bxh2 34.b6 cxb6 35.Rxb6 Bg3 36.Reb1 h3 37.gxh3 Qe3
38.Nf2 Bxf2 39.Qxf2 Bxh3+ 40.Kg1 Rg5+  0-1

[Event "HUN-chT9899"]
[Site "HUN"]
[Date "1998.??.??"]
[Round "?"]
[White "Kerek, Csaba"]
[Black "Tegzes, Laszlo"]
[Result "1-0"]
[WhiteElo "2365"]
[BlackElo "2180"]

1.d4 Nf6 2.c4 g6 3.Nc3 Bg7 4.e4 d6 5.Nf3 O-O 6.Be2 e5 7.dxe5 dxe5 8.Qxd8 Rxd8
9.Bg5 Re8 10.Nd5 Nxd5 11.cxd5 c6 12.Bc4 cxd5 13.Bxd5 Na6 14.O-O-O Nc7 15.Bb3 Be6
16.Bxe6 Nxe6 17.Be3 Nd4 18.Bxd4 exd4 19.Rhe1 Rad8 20.Kc2 Re6 21.Kd3 Ra6 22.Ra1 Rb6
23.Re2 Rc6 24.Ne1 a5 25.f4 a4 26.a3 Rb6 27.Rd1 Rc8 28.e5 Rb3+ 29.Ke4 Rd8
30.Rd3 f5+ 31.Kf3 Bf8 32.Rd2 Bc5 33.Rxb3 axb3 34.Rd3 Kf7 35.Rxb3 b6 36.Rd3 Ke6
37.b4 Be7 38.Nc2 g5 39.Nxd4+ Kf7 40.g3 gxf4 41.gxf4 Kg6 42.Ke2  1-0

[Event "HUN-chT29899"]
[Site "HUN"]
[Date "1998.??.??"]
[Round "?"]
[White "Szilagyi, Peter"]
[Black "Sulyok, Sandor"]
[Result "1-0"]
[WhiteElo "2400"]
[BlackElo "2305"]

1.d4 Nf6 2.c4 g6 3.Nc3 Bg7 4.e4 d6 5.Be2 O-O 6.Nf3 e5 7.d5 Ne8 8.h4 h6 9.h5 g5
10.Be3 Bg4 11.Nh2 Bd7 12.Nf1 Qc8 13.c5 dxc5 14.Bxc5 Nd6 15.Ne3 Re8 16.Rc1 Qd8
17.Bg4 Na6 18.Ba3 Bf8 19.Qf3 b6 20.Qh3 Nb8 21.O-O Bxg4 22.Qxg4 Qd7 23.Qe2 c5
24.b4 Nb7 25.Ng4 cxb4  1-0

[Event "HUN-chT9899"]
[Site "HUN"]
[Date "1998.??.??"]
[Round "?"]
[White "Orso, Miklos"]
[Black "Hazai, Laszlo"]
[Result "1/2-1/2"]
[WhiteElo "2360"]
[BlackElo "2445"]

1.c4 g6 2.Nc3 Bg7 3.d4 Nf6 4.e4 d6 5.Be2 O-O 6.Nf3 e5 7.dxe5 dxe5 8.Qxd8 Rxd8
9.Bg5 Re8 10.O-O c6  1/2-1/2

[Event "HUN-chT9899"]
[Site "HUN"]
[Date "1998.??.??"]
[Round "?"]
[White "Karolyi, Tibor Jr"]
[Black "Szuk, Balazs"]
[Result "1/2-1/2"]
[WhiteElo "2425"]
[BlackElo "2430"]

1.Nf3 Nf6 2.d4 g6 3.c4 Bg7 4.Nc3 O-O 5.e4 d6 6.Be2 e5 7.O-O exd4 8.Nxd4 Re8
9.f3 Nc6 10.Be3 Nh5 11.Nd5 Nxd4 12.Bxd4 c6 13.Bxg7 Nxg7  1/2-1/2

[Event "HUN-chT 9798"]
[Site "Hungary"]
[Date "1998.??.??"]
[Round "?"]
[White "Jakobetz, Laszlo"]
[Black "Tegzes, Laszlo"]
[Result "1/2-1/2"]
[WhiteElo "2325"]
[BlackElo "2220"]

1.d4 Nf6 2.Nf3 g6 3.c4 Bg7 4.Nc3 d6 5.e4 O-O 6.Be2 e5 7.Bg5 h6 8.Bh4 Nbd7
9.O-O c6 10.Qc2 Qc7 11.Rad1 Re8 12.Bg3 Nh5 13.d5 Nxg3 14.fxg3 Nf6 15.h3 cxd5
16.cxd5 Bd7 17.Nd2 Rac8  1/2-1/2

[Event "HUN-chT 9798"]
[Site "Hungary"]
[Date "1998.??.??"]
[Round "?"]
[White "Lukacs, Peter"]
[Black "Sherzer, Alex"]
[Result "1/2-1/2"]
[WhiteElo "2470"]
[BlackElo "2495"]

1.d4 Nf6 2.c4 g6 3.Nc3 Bg7 4.e4 d6 5.Nf3 O-O 6.Be2 e5 7.O-O exd4 8.Nxd4 Re8
9.f3 Nc6 10.Be3 Nh5 11.Qd2 f5 12.Rfd1 fxe4 13.Nxe4 Nf6 14.Nc3 Qe7 15.Bf2 Nxd4
16.Bxd4 Be6 17.Bf1 Rad8 18.Re1 c5 19.Bf2 Qf7 20.Rad1 Bxc4 21.Rxe8+ Rxe8 22.Bxc4 Qxc4
23.Qxd6 b6 24.Qc7 Qf7 25.Qxf7+  1/2-1/2

[Event "Zemplen Kupa op"]
[Site "Hungary"]
[Date "1998.??.??"]
[Round "7"]
[White "Kiss, Pal"]
[Black "Hlinka, Michal"]
[Result "0-1"]
[WhiteElo "2435"]
[BlackElo "2185"]

1.d4 Nf6 2.c4 g6 3.Nc3 Bg7 4.e4 d6 5.Be2 O-O 6.Nf3 e5 7.d5 a5 8.Bg5 h6 9.Bh4 Na6
10.Nd2 Qe8 11.O-O Nh7 12.a3 Bd7 13.b3 f5 14.exf5 gxf5 15.Bh5 Qb8 16.Be7 Rc8
17.Bg6 Nf8 18.Qh5 Nxg6 19.Qxg6 Rf8 20.Bxf8 Qxf8 21.Nb5 Re8 22.Rac1 Re7 23.Nxc7 Nxc7
24.Qxd6 Na6 25.Qb6 Rf7 26.c5 Bc8 27.b4 axb4 28.axb4 e4 29.d6 Nb8 30.b5 Nd7
31.Qa7 Ne5 32.Qa8 Be6 33.Ra1 Kh7  0-1

[Event "Ikaria op"]
[Site "Ikaria"]
[Date "1998.??.??"]
[Round "5"]
[White "Nikolaidis, Konstantinos"]
[Black "Touloumis, Anestis"]
[Result "1-0"]
[WhiteElo "2350"]
[BlackElo "2115"]

1.d4 Nf6 2.c4 g6 3.Nc3 Bg7 4.e4 O-O 5.Nf3 d6 6.Be2 e5 7.O-O Qe8 8.dxe5 dxe5
9.Be3 b6 10.Nd2 Bb7 11.Rc1 Na6 12.Qb3 Nd7 13.Rfd1 c6 14.a3 Nac5 15.Qa2 a5
16.Nb3 Qe7 17.Rd2 a4 18.Nxc5 Nxc5 19.Rcd1 Qc7 20.Qb1 Bc8 21.Bxc5 bxc5 22.Qc2 Qa5
23.Rd6 Ra6 24.h3 Be6 25.Qd2 Bf6 26.Bg4 Bxg4 27.hxg4 Be7 28.Rd7 Re8 29.g3 Raa8
30.Kg2 Qa6 31.Qe2 Rab8 32.f4 exf4 33.gxf4 Rb3 34.R1d2 Bf8 35.e5 Be7 36.Ne4 Qc8
37.Qd1 Rb7 38.Rxb7 Qxb7 39.Qxa4 f5 40.exf6 Bf8 41.Qc2 Qc8 42.Kf3 h5 43.Nf2 hxg4+
44.Nxg4 Kf7 45.Qd1  1-0

[Event "South California-ch"]
[Site "Irvine"]
[Date "1998.??.??"]
[Round "4"]
[White "Lakdawala, Cyrus"]
[Black "Peters, John A"]
[Result "1-0"]
[WhiteElo "2425"]
[BlackElo "2470"]

1.d4 Nf6 2.Nf3 g6 3.c4 Bg7 4.Nc3 O-O 5.e4 d6 6.Be2 e5 7.dxe5 dxe5 8.Qxd8 Rxd8
9.Bg5 c6 10.Nxe5 Re8 11.O-O-O Na6 12.Rd6 Nh5 13.Nd3 Bf8 14.Rd4 Ng7 15.Rd8 Rxd8
16.Bxd8 Be6 17.Bf6 Ne8 18.Bg5 f6 19.Be3 Bxc4 20.b3 Bf7 21.Rd1 Nec7 22.Kb2 b6
23.f4 Rd8 24.Bf3 Nb4 25.Nxb4 Rxd1 26.Nxc6 Rd3 27.Bg1 Bc5 28.Bxc5 bxc5 29.Kc2 Rd7
30.e5 fxe5 31.Ne4 Nd5 32.Nxe5 Rc7 33.g3 Be6 34.Nd6 Nb4+ 35.Kb2 Bd5 36.Ne8 Rc8
37.Nf6+ Kg7 38.Nxd5 Nxd5 39.Bxd5 Rd8 40.Be4 Rd2+ 41.Kc3 Rxh2 42.g4 Rxa2 43.g5 Rh2
44.Kc4 Rh4 45.Nd3 h6 46.gxh6+ Kxh6 47.Kd5 g5 48.f5 g4 49.Ke5 g3 50.Nf4 Kg5
51.Ne6+ Kh6 52.f6 Rxe4+ 53.Kxe4 Kg6 54.Ke5 Kf7 55.Ng5+ Kg8 56.f7+ Kg7 57.Ke6 g2
58.Nh3 Kf8 59.Kf6 a5 60.Nf4 g1=Q  1-0

[Event "Pan American-chJ"]
[Site "Isla Margarita"]
[Date "1998.??.??"]
[Round "?"]
[White "Vescovi, Giovanni"]
[Black "Faig, Cristian"]
[Result "1-0"]
[WhiteElo "2480"]
[BlackElo "2185"]

1.d4 Nf6 2.Nf3 g6 3.c4 Bg7 4.Nc3 d6 5.e4 O-O 6.Be2 e5 7.d5 a5 8.Bg5 h6 9.Bh4 Na6
10.Nd2 Qe8 11.O-O Nh7 12.a3 Bd7 13.Kh1 Nc5 14.b4 Na4 15.Nxa4 Bxa4 16.Qb1 axb4
17.axb4 Bd7 18.f3 f5 19.Rxa8 Qxa8 20.c5 Nf6 21.b5 dxc5 22.b6 fxe4 23.bxc7 Nxd5
24.Bd8 Nf4 25.Bc4+ Kh7 26.Nxe4 Bf5 27.Rd1 Qa3 28.Qb3 Qxb3 29.Bxb3 b6 30.Bc4 Bc8
31.Rd6  1-0

[Event "Heart of Finland op"]
[Site "Jyvaskyla"]
[Date "1998.??.??"]
[Round "?"]
[White "Molander, Riku"]
[Black "Helin, Tapio"]
[Result "1/2-1/2"]
[WhiteElo "2235"]
[BlackElo "2050"]

1.Nf3 Nf6 2.c4 g6 3.Nc3 Bg7 4.d4 O-O 5.e4 d6 6.Be2 e5 7.O-O exd4 8.Nxd4 Re8
9.f3 Nc6 10.Be3 Nh5 11.g4 Be5  1/2-1/2

[Event "Heart of Finland op"]
[Site "Jyvaskyla"]
[Date "1998.??.??"]
[Round "?"]
[White "Molander, Riku"]
[Black "Katajainen, Kimmo"]
[Result "1-0"]
[WhiteElo "2235"]
[BlackElo "2035"]

1.Nf3 Nf6 2.c4 g6 3.Nc3 Bg7 4.d4 d6 5.e4 O-O 6.Be2 Nbd7 7.O-O e5 8.Qc2 Re8
9.Rd1 c6 10.d5 c5 11.Nd2 Nf8 12.Rb1 Bg4 13.Bxg4 Nxg4 14.Nf1 h6 15.Ne3 Nf6
16.b4 cxb4 17.Rxb4 b6 18.a4 N8h7 19.Ba3 Rf8 20.a5 bxa5 21.Rb7 Ne8 22.Qa4 f5
23.Qd7 Qxd7 24.Rxd7 Nhf6 25.Rb7 Nxe4 26.Nxe4 fxe4 27.c5 Rf7 28.c6 Rxb7 29.cxb7 Rb8
30.Rb1 Kf7 31.Nc4 Ke7 32.Nxa5 Kd7 33.Nc6 Kc7 34.Nxb8 Kxb8 35.Bc1 Nc7 36.Be3 Na6
37.h4 Bf8 38.h5 gxh5 39.Kh2 Be7 40.Bxh6 Nc5 41.Kg3 Nxb7 42.Rh1 h4+ 43.Kg4 Bd8
44.Bg5 Bb6 45.Bxh4 Nc5 46.Kf5 Nd3 47.Kxe4 Nxf2+ 48.Bxf2 Bxf2 49.g4  1-0

[Event "Jyvaskyla We JyS"]
[Site "Jyvaskyla"]
[Date "1998.??.??"]
[Round "2"]
[White "Mertanen, Janne"]
[Black "Sepp, Olav"]
[Result "1/2-1/2"]
[WhiteElo "2180"]
[BlackElo "2400"]

1.d4 Nf6 2.c4 g6 3.Nc3 Bg7 4.e4 d6 5.Nf3 O-O 6.Be2 e5 7.O-O Na6 8.Be3 Ng4
9.Bg5 Qe8 10.dxe5 dxe5 11.h3 h6 12.Bd2 Nf6 13.Be3 Qe7 14.Qc1 Kh7 15.c5 b6
16.Rd1 Nxc5 17.Nd5 Nxd5 18.Bxc5 bxc5 19.Rxd5 Bb7 20.Rxc5 Bxe4 21.Rxc7 Qb4
22.Qd2 Qb6 23.Rac1 Rad8 24.Qe3 Bd5 25.b3 e4 26.Nh2 Bd4 27.Qf4 Qd6 28.Qxd6 Rxd6
29.Ng4 Bb6 30.Rd7 Rd8 31.Rxd8 Bxd8 32.Rd1 Be7 33.Bc4 Bxc4 34.Rxd6 Bxd6 35.Nf6+ Kg7
36.Nxe4 Bxb3 37.axb3 Bb4 38.Kf1 f5 39.Ng3 Kf6 40.Ke2 Ke5 41.Kd3 Bc5 42.f3 h5
43.Ne2 Bf2 44.Kc4 g5 45.Kd3 h4 46.Nc3 Bc5 47.Ne2 Bb6 48.Nc3 Ba5 49.Ne2 Bb6
50.Nc3 g4 51.fxg4 fxg4 52.hxg4 Kf4 53.Ne2+  1/2-1/2

[Event "Kajaani We KaSY"]
[Site "Kajaani"]
[Date "1998.??.??"]
[Round "3"]
[White "Mertanen, Janne"]
[Black "Lehti, Juhani"]
[Result "1-0"]
[WhiteElo "2180"]
[BlackElo "2065"]

1.d4 Nf6 2.c4 g6 3.Nc3 Bg7 4.e4 d6 5.Nf3 O-O 6.Be2 e5 7.O-O Nbd7 8.Be3 Ne8
9.dxe5 Nxe5 10.Nd4 c5 11.Nc2 Be6 12.Nd5 Qh4 13.f3 f5 14.g3 Qd8 15.exf5 Bxf5
16.Qd2 Nc6 17.Rad1 Qa5 18.Ne7+ Kh8 19.Qxa5 Nxa5 20.Nxf5 Rxf5 21.b3 Nc6 22.f4 a5
23.a4 Ra6 24.Rd3 Rf7 25.Na3 Nd4 26.Bxd4 Bxd4+ 27.Kg2 Re7 28.Bf3 Bg7 29.Nb5 Bf8
30.Rdd1 Rd7 31.Rfe1 Nf6 32.g4 Ra8 33.Re6 Ne8 34.Rde1 Ng7 35.R6e2 h5 36.h3 Rf7
37.Kg3 Rf6 38.Bxb7 Rb8 39.Bd5 Rd8 40.Re4 Rd7 41.Kh4 Kh7 42.Kg5 Nf5 43.gxf5  1-0

[Event "Independence Cup op"]
[Site "Kiev"]
[Date "1998.??.??"]
[Round "8"]
[White "Julin, Alexei"]
[Black "Berezin, Victor"]
[Result "0-1"]
[WhiteElo "2320"]
[BlackElo "2330"]

1.d4 Nf6 2.c4 g6 3.Nc3 Bg7 4.e4 O-O 5.Nf3 d6 6.Be2 e5 7.O-O Nbd7 8.Be3 Ng4
9.Bg5 f6 10.Bc1 Nh6 11.b3 Nf7 12.dxe5 dxe5 13.Ba3 Re8 14.Qd3 c6 15.Rfd1 Qa5
16.Bb2 Nc5 17.Qc2 Qb6 18.Ba3 a5 19.Na4 Nxa4 20.bxa4 Bf8 21.Rab1 Qc7 22.Bxf8 Rxf8
23.c5 Kg7 24.Nd2 Qe7 25.Nb3 Rd8 26.Qc3 Rxd1+ 27.Rxd1 Be6 28.h3 Ng5 29.Qc2 Bxb3
30.axb3 Ne6 31.Qc4 Nxc5 32.b4 axb4 33.Qxb4 Rxa4 34.Qb6 Rxe4 35.Bf3 Rd4 36.Ra1 e4
37.Be2 e3 38.f3 Rd2 39.Kf1 Qd6  0-1

[Event "Kishinev (Women)"]
[Site "Kishinev"]
[Date "1998.??.??"]
[Round "1"]
[White "Shumiakina, Tatiana"]
[Black "Kovalevskaya, Ekaterina"]
[Result "1/2-1/2"]
[WhiteElo "2400"]
[BlackElo "2390"]

1.d4 Nf6 2.c4 d6 3.Nc3 e5 4.Nf3 Nbd7 5.e4 g6 6.Be2 Bg7 7.O-O O-O 8.Be3 c6
9.d5 c5 10.Ne1 a6 11.a3 Kh8 12.b4 b6 13.Nd3 Ng8 14.a4 f5 15.a5 Ngf6 16.f3 cxb4
17.Nxb4 bxa5 18.Nc6 Qc7 19.Qa4 Bb7 20.Qxa5 Rfc8 21.Qxc7 Rxc7 22.Na5 Bc8 23.Rfb1 fxe4
24.fxe4 Nc5 25.Bxc5 dxc5 26.Rb6 Ne8 27.Rf1 Bh6 28.Kh1 Kg7 29.Nc6 Bf4 30.Na4 Nd6
31.Bd3 Nf7 32.Nxc5 Be3 33.Na4 Bd7 34.c5 Bxc6 35.Rxc6 Rxc6 36.dxc6 Rc8 37.Bc4 Nd8
38.Bd5 Nxc6 39.Nb6 Rc7 40.Na8 Rc8 41.Nb6  1/2-1/2

[Event "Klatovy op-A"]
[Site "Klatovy"]
[Date "1998.??.??"]
[Round "?"]
[White "Fuchs, Ludek"]
[Black "Trmota, Zdenek"]
[Result "1/2-1/2"]
[WhiteElo "1885"]
[BlackElo "2130"]

1.d4 Nf6 2.c4 g6 3.Nc3 Bg7 4.e4 d6 5.Nf3 O-O 6.Be2 e5 7.dxe5 dxe5 8.Qxd8 Rxd8
9.Bg5 Re8 10.Nd5 Nxd5 11.cxd5 c6 12.Bc4 cxd5 13.Bxd5 Nc6 14.O-O Nb4 15.Bb3 Be6
16.Bxe6 Rxe6 17.a3 Nd3 18.b4 a5 19.Rad1 Nb2 20.Rb1 Nc4 21.bxa5 Nd6 22.Rfc1 Rxa5
23.Rxb7 h6 24.Rb8+ Kh7 25.Bd2 Rxa3 26.Bb4  1/2-1/2

[Event "Klatovy op-A"]
[Site "Klatovy"]
[Date "1998.??.??"]
[Round "?"]
[White "Kudrlicka, Ladislav"]
[Black "Hitzgerova, Gabriela"]
[Result "1/2-1/2"]
[WhiteElo "2045"]
[BlackElo "2185"]

1.d4 Nf6 2.c4 g6 3.Nc3 Bg7 4.e4 d6 5.Nf3 O-O 6.Be2 e5 7.dxe5 dxe5 8.Qxd8 Rxd8
9.Bg5 c6 10.Rd1 Rxd1+ 11.Kxd1 Nfd7 12.Kc2 Nf8 13.Rd1 Ne6 14.Be3 Na6 15.a3 Kf8
16.b4 Nf4 17.Bf1 Bg4 18.h3 Bxf3 19.gxf3 Ke8 20.Bxf4 exf4 21.c5 Nc7 22.Bc4 Ke7
23.Ne2 Be5 24.Nc3 a5 25.Kb3 axb4 26.axb4 Bxc3 27.Kxc3 Ne6 28.Bxe6 Kxe6 29.Kb3 Ke7
30.Kb2 Ra7 31.Kb3 Ra6 32.Kb2 Ra4 33.Kb3 Ra8 34.Kb2 Re8 35.Kc3 Rc8 36.Kc4 Ra8
37.Kb3 Ra7 38.Kb2 Ra6 39.Kb3 Ra8  1/2-1/2

[Event "Klatovy op-A"]
[Site "Klatovy"]
[Date "1998.??.??"]
[Round "?"]
[White "Rozmbersky, David"]
[Black "Schauer, Jiri"]
[Result "1-0"]
[WhiteElo "2090"]
[BlackElo "2150"]

1.d4 Nf6 2.c4 g6 3.Nc3 Bg7 4.e4 d6 5.Nf3 O-O 6.Be2 Nbd7 7.O-O e5 8.Re1 c6
9.Bf1 Re8 10.d5 cxd5 11.cxd5 a5 12.Na4 Rf8 13.Qb3 Ne8 14.Be3 f5 15.Ng5 Qe7
16.Ne6 Rf7 17.Bb6 Qh4 18.Rac1 Nef6 19.Nc7 Nxb6 20.Qxb6 Rb8 21.g3 Qg5 22.Qa7 Nd7
23.Ne6 Qe7 24.Bb5  1-0

[Event "Klatovy op-B"]
[Site "Klatovy"]
[Date "1998.??.??"]
[Round "?"]
[White "Jina, L."]
[Black "Kupka, Frantisek"]
[Result "0-1"]
[WhiteElo "1905"]
[BlackElo "1910"]

1.d4 Nf6 2.c4 g6 3.Nc3 Bg7 4.e4 d6 5.Nf3 O-O 6.Be2 e5 7.d5 a5 8.b3 Na6 9.O-O Nc5
10.Qc2 Ne8 11.Ne1 f5 12.f3 f4 13.Nd3 g5 14.Ba3 b6 15.b4 axb4 16.Bxb4 Nxd3
17.Qxd3 h5 18.h3 Rf7 19.a4 Bf8 20.a5 bxa5 21.Bxa5 Rg7 22.Nb5 g4 23.fxg4 Rxa5
24.Rxa5 Qh4 25.Ra3 hxg4 26.Bxg4 Bxg4 27.hxg4 Rxg4 28.Qh3 Qg5 29.Raf3 Be7
30.Kf2 Qg6 31.Nc3 Bh4+ 32.Ke2 Rxg2+ 33.Kd3 Rg4 34.Nd1 Nf6 35.Nc3 Nd7 36.Kd2 Nc5
37.Kd1 Nb3 38.Rh1 Nd4 39.Rff1 Kf7 40.Qh2 f3 41.Rfg1 Rg2 42.Rxg2 fxg2 43.Rg1 Qh5+  0-1

[Event "Klatovy op-B"]
[Site "Klatovy"]
[Date "1998.??.??"]
[Round "?"]
[White "Lener, J."]
[Black "Hampek, M."]
[Result "1-0"]
[WhiteElo "1810"]
[BlackElo "1655"]

1.Nf3 Nf6 2.d4 d6 3.c4 g6 4.Nc3 Bg7 5.e4 O-O 6.Be2 e5 7.dxe5 dxe5 8.O-O c6
9.Bg5 Qc7 10.Qc2 Bg4 11.Rad1 Nbd7 12.Be3 Rfd8 13.h3 Bxf3 14.Bxf3 Nf8 15.Rxd8 Rxd8
16.Rd1 b6 17.h4 Ne6 18.Ne2 Bf8 19.a3 Rd6 20.b4 Qd7 21.Rxd6 Qxd6 22.Qc1 Qd3
23.Ng3 Nd4 24.Bxd4 Qxd4 25.h5 h6 26.hxg6 fxg6 27.Ne2 Qd6 28.Ng3 Kg7 29.c5 bxc5
30.bxc5 Qd4 31.Qb1 Qxc5 32.Qb7+ Be7 33.a4 Kf7 34.Qb3+ Kg7 35.Qe6 Qd6 36.Qc4 c5
37.Nf1 Bd8 38.Ne3 Bb6 39.Qa6 Qc6 40.a5 Qd6 41.axb6 Qxb6 42.Qa1 Qc7 43.Nc4 Nd7
44.Bg4 Nb6 45.Nxe5  1-0

[Event "Korinthos op"]
[Site "Korinthos"]
[Date "1998.??.??"]
[Round "1"]
[White "Ryba, Andreas"]
[Black "Hillarp Persson, Tiger"]
[Result "0-1"]
[WhiteElo "2170"]
[BlackElo "2410"]

1.Nf3 g6 2.c4 Bg7 3.Nc3 d6 4.d4 Nf6 5.e4 O-O 6.Be2 e5 7.dxe5 dxe5 8.Qxd8 Rxd8
9.Bg5 Nbd7 10.Rd1 Rf8 11.O-O c6 12.b4 Re8 13.c5 a5 14.a3 axb4 15.axb4 Ra3
16.Rd3 Rb3 17.Na2 Rxd3 18.Bxd3 Nf8 19.Rb1 Rd8 20.Nxe5 Ne6 21.Bxf6 Bxf6 22.Ng4 Bg7
23.Nc1 Nf4  0-1

[Event "MK Cafe Cup-B"]
[Site "Koszalin"]
[Date "1998.??.??"]
[Round "1"]
[White "Sakalauskas, Vaidas"]
[Black "Mickiewicz, Piotr"]
[Result "0-1"]
[WhiteElo "2410"]
[BlackElo "2130"]

1.d4 Nf6 2.c4 g6 3.Nc3 Bg7 4.e4 d6 5.Be2 O-O 6.Nf3 e5 7.d5 a5 8.Bg5 h6 9.Bh4 Na6
10.O-O Qe8 11.Nd2 Nh7 12.a3 Bd7 13.Kh1 h5 14.f3 Bh6 15.b3 Be3 16.Rb1 Qb8
17.b4 g5 18.Bf2 Bxf2 19.Rxf2 Qa7 20.Rf1 axb4 21.axb4 Qe3 22.Qc2 h4 23.c5 Qf4
24.c6 Bc8 25.cxb7 Bxb7 26.Nc4 Rfb8 27.Na5 Nf6 28.Bb5 Nxb4 29.Rxb4 Rxa5 30.Bc6 Ng4
31.g3 hxg3 32.hxg3 Qxg3 33.fxg4 Kg7 34.Qg2 Qxc3 35.Rxb7 Rh8+ 36.Kg1 Ra1 37.Rxa1 Qxa1+
38.Kf2 Qd4+ 39.Kf3 Qd3+ 40.Kf2 Qd2+ 41.Kf1 Qd1+ 42.Kf2 Rh1 43.Bb5 Qe1+ 44.Kf3 Qc3+
45.Kf2 Rb1 46.Ba6 Rxb7 47.Bxb7 Qb2+ 48.Kg3 Qxb7 49.Qc2 Qb6 50.Kf3 Qc5 51.Qd2 Kg6
52.Kg2 Qd4 53.Qe2 Kg7 54.Kh2 Qc3 55.Kg2 c6 56.dxc6 Qxc6 57.Qd3 Qc5 58.Qd2 Kg6
59.Qd3 Qd4 60.Qf3 Qd2+ 61.Kh3 Kg7 62.Qa3 d5 63.exd5 Qxd5 64.Qe7 Qf3+ 65.Kh2 Qf4+
66.Kh3 e4 67.Qd7 e3 68.Qd3 Qf3+ 69.Kh2 Qf2+ 70.Kh3 Qh4+ 71.Kg2 Qxg4+ 72.Kh1 e2
73.Qc3+ Kg8  0-1

[Event "MK Cafe Cup-B"]
[Site "Koszalin"]
[Date "1998.??.??"]
[Round "3"]
[White "Walach, Marcin"]
[Black "Shishkin, Vadim"]
[Result "1/2-1/2"]
[WhiteElo "2310"]
[BlackElo "2440"]

1.c4 g6 2.Nc3 Bg7 3.Nf3 d6 4.d4 Nf6 5.e4 O-O 6.Be2 e5 7.dxe5 dxe5 8.Qxd8 Rxd8
9.Bg5 Nbd7 10.O-O-O Rf8 11.Kb1 c6 12.Nd2 Nc5 13.Be3 Ne6 14.Nb3 Re8 15.Rhe1 Nf4
16.Bxf4 exf4 17.f3 Nd7 18.Nd4 Nc5 19.Bf1 a5 20.Kc2 a4 21.Re2 Be5 22.Red2 h6
23.Be2 Kg7 24.Bf1 Re7 25.Be2 f5 26.exf5 Bxd4 27.Rxd4 Bxf5+ 28.Kc1 a3 29.Bf1 axb2+
30.Kxb2 g5 31.R1d2 Rae8 32.Rd8 Rxd8 33.Rxd8 Re1 34.Rd1 Re3 35.Rd2 Re1 36.Rd1 Rxd1
37.Nxd1 Bd3 38.Bxd3 Nxd3+ 39.Kc3 Ne1 40.Kd4 Nxg2 41.c5 Kf6 42.Nc3 Ke6 43.Ke4 Ne3
44.Ne2 Kf6 45.Nd4 Nd5 46.Nb3 Ne3 47.Kd4  1/2-1/2

[Event "MK Cafe Cup-B"]
[Site "Koszalin"]
[Date "1998.??.??"]
[Round "8"]
[White "Sarwinski, Miroslaw"]
[Black "Szelag, Marcin"]
[Result "1-0"]
[WhiteElo "2380"]
[BlackElo "2350"]

1.d4 Nf6 2.c4 g6 3.Nc3 Bg7 4.e4 d6 5.Nf3 O-O 6.Be2 e5 7.O-O Na6 8.Re1 c6
9.Bf1 Bg4 10.dxe5 Bxf3 11.Qxf3 dxe5 12.Be3 Qe7 13.Rad1 Nc5 14.g3 Ne6 15.Bh3 Nd7
16.Bxe6 Qxe6 17.Qe2 Rfd8 18.Rd2 Bf8 19.Red1 Qe8 20.Na4 b6 21.Bg5 Be7 22.Qg4 Nf8
23.Qh4 Bxg5 24.Qxg5 Rd4 25.Nc3 Rxc4 26.Rd6 Rd4 27.h4 h5 28.Kg2 Rc8 29.f3 Nh7
30.Qe3 Rxd6 31.Rxd6 Qe7 32.Qd2 Nf6 33.Rd3 Rc7 34.Qg5 Qe6 35.Nd1 Kf8 36.Nf2 Ke8
37.f4 exf4 38.gxf4 Rd7 39.f5 Qe5 40.fxg6 Qe6 41.Rf3  1-0

[Event "RUS-ch sf"]
[Site "Krasnodar"]
[Date "1998.??.??"]
[Round "?"]
[White "Averkin, Orest N"]
[Black "Tamaev, T."]
[Result "1/2-1/2"]
[WhiteElo "2430"]
[BlackElo "2305"]

1.d4 Nf6 2.Nf3 g6 3.c4 Bg7 4.Nc3 O-O 5.e4 d6 6.Be2 e5 7.O-O exd4 8.Nxd4 Re8
9.f3 Nc6 10.Nc2 Nd7 11.Be3 Nc5 12.Qd2 f5 13.b4 Ne6 14.exf5 gxf5 15.f4 a5
16.b5 Nb4 17.Rad1 Qf6 18.Nxb4 axb4 19.Nd5 Qf7 20.Bf3 Nc5 21.Bd4 Ne4 22.Bxe4 Rxe4
23.Bxg7 Qxg7 24.Rf3 Ra3 25.Rb3 Rxc4 26.Nxb4 Rxb3 27.axb3 Re4 28.b6 Be6 29.bxc7 Qxc7
30.Qxd6 Qxd6 31.Rxd6 Bxb3 32.Rb6  1/2-1/2

[Event "RUS-ch sf"]
[Site "Krasnodar"]
[Date "1998.??.??"]
[Round "?"]
[White "Zakharstov, Viacheslav V"]
[Black "Zhukov, Vadim A"]
[Result "1-0"]
[WhiteElo "2450"]
[BlackElo "2270"]

1.Nf3 g6 2.d4 Nf6 3.c4 Bg7 4.Nc3 O-O 5.e4 d6 6.Be2 e5 7.d5 Na6 8.Nd2 Bh6
9.h4 Nc5 10.h5 gxh5  1-0

[Event "Krasnodar"]
[Site "Krasnodar"]
[Date "1998.??.??"]
[Round "4"]
[White "Averkin, Orest N"]
[Black "Kuzmin, Gennadi P"]
[Result "1/2-1/2"]
[WhiteElo "2430"]
[BlackElo "2580"]

1.d4 d6 2.Nf3 Nf6 3.c4 g6 4.Nc3 Bg7 5.e4 O-O 6.Be2 Nbd7 7.O-O e5 8.Qc2 Ng4
9.Bg5 f6 10.Bd2 exd4 11.Nxd4 Nc5 12.Nb3 f5 13.Nxc5 dxc5 14.Bxg4 fxg4 15.Be3 b6
16.Rad1 Qe8 17.Qc1 Qe5 18.Rd3 Bb7 19.Bh6 Rad8 20.Bxg7 Kxg7 21.Rg3 Bc8 22.b3 c6
23.Re3 Be6 24.Ne2 Rf7 25.Rd1 Rxd1+ 26.Qxd1 b5 27.cxb5 Rd7 28.Qc1 cxb5 29.g3 g5
30.Nc3  1/2-1/2

[Event "RUS-Cup"]
[Site "Krasnodar"]
[Date "1998.??.??"]
[Round "5"]
[White "Gleizerov, Evgeny"]
[Black "Poluljahov, Aleksandr"]
[Result "1/2-1/2"]
[WhiteElo "2545"]
[BlackElo "2505"]

1.d4 Nf6 2.c4 g6 3.Nc3 Bg7 4.e4 d6 5.Nf3 O-O 6.Be2 e5 7.O-O exd4 8.Nxd4 Re8
9.f3 c6 10.Nb3 Nh5 11.Be3 f5 12.Qd2 f4 13.Bf2 Be5 14.Rfd1 Qf6 15.c5 dxc5
16.Nxc5 b6 17.Nd3 Nd7 18.Nb4  1/2-1/2